[Event "32.Schlosspark-Open"]
[Site "Wiesbaden-Biebrich"]
[Date "2023.08.25"]
[Round "2.71"]
[White "Fr mbgen, Andreas"]
[Black "Goodwin, David"]
[Result "1/2-1/2"]
[WhiteElo "1776"]
[BlackElo "1467"]
[PlyCount "117"]
[EventDate "2023.??.??"]
[WhiteTeam "SK Gau-Algesheim"]
[BlackTeam "SV 1920 Kelsterbach"]

1. c4 e6 2. g3 Nf6 3. Bg2 d5 4. Nf3 c5 5. cxd5 Nxd5 6. O-O Be7 7. Nc3 Nxc3 8. bxc3 O-O 9. Rb1 Nc6 10. d4 Rb8 11. Bf4 Bd6 12. Qd2 Bxf4 13. Qxf4 Bd7 14. dxc5 Ne7 15. Rfd1 Nd5 16. Qd2 Ba4 17. Rdc1 Qc7 18. Qd4 Bc6 19. Ne5 Rbd8 20. Nxc6 bxc6 21. Qa4 Ne7 22. Rd1 h6 23. Rd4 Nd5 24. Rd3 Rb8 25. Rbd1 Rb5 26. c4 Ra5 27. Qxa5 Qxa5 28. cxd5 exd5 29. e4 Qxc5 30. exd5 cxd5 31. Bxd5 g5 32. g4 Kg7 33. Rf3 Qc2 34. Bb3 Qc6 35. Rd5 Qc8 36. Rdf5 Qc7 37. h3 Qe7 38. Rxf7+ Rxf7 39. Rxf7+ Qxf7 40. Bxf7 Kxf7 41. Kg2 a5 42. Kf3 Ke6 43. Ke4 a4 44. f4 gxf4 45. Kxf4 Kf6 46. h4 a3 47. Ke4 Ke6 48. Kd4 Kd6 49. Kc4 Ke5 50. Kb4 Kf4 51. g5 hxg5 52. hxg5 Kxg5 53. Kxa3 Kf5 54. Kb4 Ke6 55. Kb5 Kd7 56. Kb6 Kc8 57. Ka7 Kc7 58. a4 Kc8 59. a5 1/2-1/2

[Event "32.Schlosspark-Open"]
[Site "Wiesbaden-Biebrich"]
[Date "2023.08.25"]
[Round "2.72"]
[White "Schuering, Jonas"]
[Black "Meding, Olaf"]
[Result "0-1"]
[WhiteElo "1451"]
[BlackElo "1770"]
[PlyCount "76"]
[EventDate "2023.??.??"]
[WhiteTeam "Trier"]
[BlackTeam "Sfr.Mainz 1928"]

1. d4 d5 2. Nf3 Nf6 3. Bf4 e6 4. e3 Bd6 5. Bg3 c5 6. c3 Nc6 7. Bd3 cxd4 8. exd4 Qc7 9. Qe2 Nh5 10. Bxd6 Qxd6 11. Nbd2 Nf4 12. Qf1 Nxd3+ 13. Qxd3 h6 14. O-O O-O 15. Rfe1 a6 16. h3 Bd7 17. a4 Rfc8 18. b4 Ne7 19. Ne5 Be8 20. Nb3 b6 21. b5 axb5 22. axb5 Qc7 23. Rec1 Nf5 24. Kh1 Nd6 25. Rxa8 Rxa8 26. c4 dxc4 27. Nxc4 Nxb5 28. Ne5 Qd6 29. Qc4 Rd8 30. Nc6 Bxc6 31. Qxc6 Nxd4 32. Nxd4 Qxd4 33. Kg1 g6 34. Rb1 Rd6 35. Qc8+ Kg7 36. Qb7 e5 37. Rc1 Rf6 38. Rc2 Qd1+ 0-1

[Event "32.Schlosspark-Open"]
[Site "Wiesbaden-Biebrich"]
[Date "2023.08.25"]
[Round "2.73"]
[White "M nch, Doroth e"]
[Black "W hl, Torsten"]
[Result "1-0"]
[WhiteElo "1710"]
[BlackElo "1450"]
[PlyCount "85"]
[EventDate "2023.??.??"]
[WhiteTeam "Sfr.Mainz 1928"]
[BlackTeam "SC Gro -Zimmern"]

1. e4 e6 2. f4 d5 3. e5 Bd7 4. Nf3 Nc6 5. d4 Nge7 6. c3 a6 7. Bd3 Nf5 8. O-O Na7 9. b3 Nb5 10. a4 Na7 11. Qe1 c5 12. g4 Nh6 13. h3 cxd4 14. cxd4 Qb6 15. Qd1 Nc6 16. Be3 Nb4 17. Qe2 Be7 18. Nbd2 O-O 19. f5 exf5 20. g5 Nxd3 21. Qxd3 Ng4 22. hxg4 fxg4 23. Nh4 Rac8 24. Rfc1 g6 25. Nf1 Qd8 26. Qd2 Qb6 27. Rxc8 Rxc8 28. Rb1 Bb4 29. Qf2 Be6 30. Ng3 Qd8 31. Ng2 Qd7 32. Nf4 Bf5 33. Rc1 Rxc1+ 34. Bxc1 Be7 35. Nxf5 Qxf5 36. Nxd5 Qe6 37. Nxe7+ Qxe7 38. Qc2 Qd8 39. Qe4 Qc8 40. Bd2 b6 41. Kg2 Qf5 42. Qxf5 gxf5 43. Bb4 1-0

[Event "32.Schlosspark-Open"]
[Site "Wiesbaden-Biebrich"]
[Date "2023.08.25"]
[Round "2.74"]
[White "Henzelmann, Matthias"]
[Black "Burkhardt, Jan"]
[Result "0-1"]
[WhiteElo "1443"]
[BlackElo "1685"]
[PlyCount "134"]
[EventDate "2023.??.??"]
[WhiteTeam "SC Heuchelheim"]
[BlackTeam "Sfr.Mainz 1928"]

1. d4 d5 2. Nf3 Nf6 3. e3 e6 4. c4 dxc4 5. Bxc4 c5 6. O-O a6 7. a4 Nc6 8. dxc5 Qxd1 9. Rxd1 Bxc5 10. Bd2 e5 11. Bc3 Bg4 12. h3 Bxf3 13. gxf3 O-O 14. Nd2 Rfd8 15. Nb3 Ba7 16. Na5 Nxa5 17. Bxa5 Re8 18. Bc3 Rac8 19. Bb3 Rc7 20. Rd2 e4 21. fxe4 Nxe4 22. Rd3 Nc5 23. Bxf7+ Rxf7 24. Rd5 Ne4 25. Be1 h6 26. Rad1 Ng5 27. Kg2 Ref8 28. Rd7 Kh7 29. f4 Ne4 30. R7d3 Nc5 31. Ra3 Re8 32. b4 Nd7 33. Rdd3 Rfe7 34. Bd2 Nb6 35. b5 Nc4 36. Bb4 Nxa3 37. Bxe7 Rxe7 38. Rxa3 Rxe3 39. Rxe3 Bxe3 40. Kf3 axb5 41. axb5 Bc5 42. h4 Kg6 43. Kg4 h5+ 44. Kg3 Kf5 45. Kf3 g6 46. b6 Bxb6 47. Kg3 Bc7 48. Kf3 b5 49. Ke3 b4 50. Kd3 Kxf4 51. Kc4 Bd6 52. Kd4 Kg4 53. Ke4 Kxh4 54. Kd3 g5 55. Kc4 g4 56. Kd3 g3 57. Kc4 g2 58. Kd3 g1=Q 59. Ke4 Qg4+ 60. Kd5 b3 61. Kxd6 b2 62. Kd5 b1=R 63. Kc5 Rf1 64. Kd5 Rf5+ 65. Ke6 Qg6+ 66. Ke7 Rf7+ 67. Ke8 Qg8# 0-1

[Event "32.Schlosspark-Open"]
[Site "Wiesbaden-Biebrich"]
[Date "2023.08.25"]
[Round "2.75"]
[White "Papadopoulos, Kyriakos"]
[Black "Gerhard, Dominik"]
[Result "0-1"]
[WhiteElo "1411"]
[BlackElo "1628"]
[PlyCount "92"]
[EventDate "2023.??.??"]
[WhiteTeam "VSG 1880 Offenbach"]
[BlackTeam "SV Oberursel"]

1. e4 d5 2. exd5 Qxd5 3. Nc3 Qa5 4. Nf3 Nf6 5. Bc4 Bf5 6. d3 e6 7. O-O c6 8. Bd2 Nbd7 9. a3 Qc7 10. h3 h6 11. Nd4 Qe5 12. Nxf5 Qxf5 13. d4 Ne4 14. Nxe4 Qxe4 15. Be3 Bd6 16. Bd3 Qh4 17. Qg4 Qxg4 18. hxg4 Nf6 19. f3 Nd5 20. Bd2 Bf4 21. Bxf4 Nxf4 22. Be4 Ne2+ 23. Kf2 Nxd4 24. a4 O-O-O 25. Ra3 Nxc2 26. Rd3 Rxd3 27. Bxd3 Nb4 28. Be4 Rd8 29. Ke2 Nd5 30. g3 Nb6 31. b3 Nd5 32. Rc1 Kc7 33. Rc4 a5 34. Rc5 Ra8 35. Kd2 Kd6 36. Rc4 b5 37. Rc2 bxa4 38. bxa4 Rb8 39. Rc4 Rb4 40. Rxb4 Nxb4 41. Ke2 c5 42. Kd2 c4 43. Kc3 Kc5 44. Bb1 Nd5+ 45. Kd2 Kb4 46. Bc2 Nb6 0-1

[Event "32.Schlosspark-Open"]
[Site "Wiesbaden-Biebrich"]
[Date "2023.08.25"]
[Round "2.76"]
[White "Leitzig, Reamonn Franky James"]
[Black "Machwirth, Ernst"]
[Result "1-0"]
[WhiteElo "1468"]
[BlackElo "1410"]
[PlyCount "93"]
[EventDate "2023.??.??"]
[WhiteTeam "SV 1934 Ffm-Griesheim"]
[BlackTeam "Sfr Stiller Zug Wiesbaden"]

1. e4 e5 2. Nf3 Nc6 3. Bc4 Bc5 4. c3 d6 5. d4 exd4 6. cxd4 Bb4+ 7. Nc3 Nf6 8. Bg5 O-O 9. O-O Bxc3 10. bxc3 Bg4 11. Re1 Na5 12. Bd3 h6 13. Bh4 g5 14. Bg3 Re8 15. h3 Bh5 16. Rb1 b6 17. h4 Qd7 18. e5 Nh7 19. Bxh7+ Kxh7 20. Nxg5+ Kg6 21. Qd3+ Qf5 22. Qxf5+ Kxf5 23. Nh3 dxe5 24. Bxe5 f6 25. Bxc7 Rac8 26. Rb5+ Kg4 27. Rxe8 Bxe8 28. Rxa5 bxa5 29. Bxa5 Bc6 30. f3+ Kf5 31. g4+ Ke6 32. Nf4+ Kf7 33. Kf2 Rb8 34. Bb4 Rb5 35. a3 Rb7 36. c4 Ke8 37. d5 Bd7 38. c5 Ba4 39. c6 Rxb4 40. axb4 Ke7 41. Ke3 Kd6 42. Ke4 Bc2+ 43. Nd3 Bb3 44. Nf4 Bc2+ 45. Kd4 Bd1 46. Nh5 Bxf3 47. Nxf6 1-0

[Event "32.Schlosspark-Open"]
[Site "Wiesbaden-Biebrich"]
[Date "2023.08.25"]
[Round "2.77"]
[White "K hm, Kevin"]
[Black "Fang, Borui"]
[Result "0-1"]
[WhiteElo "1682"]
[BlackElo "1415"]
[PlyCount "44"]
[EventDate "2023.??.??"]
[WhiteTeam "SK 1959 Bischofsheim"]
[BlackTeam "SV Oberursel"]

1. e4 e5 2. Nf3 Nc6 3. Bc4 Nf6 4. Ng5 d5 5. exd5 b5 6. Bxb5 Qxd5 7. Bxc6+ Qxc6 8. O-O Bb7 9. f3 Bc5+ 10. Kh1 h6 11. Nh3 O-O-O 12. Nc3 e4 13. Nxe4 Nxe4 14. fxe4 Qxe4 15. Qf3 Qxc2 16. Qf5+ Qxf5 17. Rxf5 Bb6 18. Ng1 Rhe8 19. Rf1 Rd6 20. h3 Rg6 21. Nf3 Re2 22. g4 Rf6 0-1

[Event "32.Schlosspark-Open"]
[Site "Wiesbaden-Biebrich"]
[Date "2023.08.25"]
[Round "2.78"]
[White "Moissl, Felix"]
[Black "Brauch, Manfred"]
[Result "0-1"]
[WhiteElo "1347"]
[BlackElo "1750"]
[PlyCount "32"]
[EventDate "2023.??.??"]
[WhiteTeam "SJ Herborn 1998"]
[BlackTeam "SG Pieroth/Burg Layen"]

1. e4 d6 2. d4 Nf6 3. Nc3 Nbd7 4. Bf4 e5 5. dxe5 dxe5 6. Bg5 c6 7. Nf3 h6 8. Bh4 Bb4 9. Qd3 Qa5 10. a3 Bxc3+ 11. Qxc3 Qxc3+ 12. bxc3 Nxe4 13. c4 f6 14. Bd3 Ndc5 15. Rd1 O-O 16. O-O Nc3 0-1

[Event "32.Schlosspark-Open"]
[Site "Wiesbaden-Biebrich"]
[Date "2023.08.25"]
[Round "2.79"]
[White "Schmid, Leon"]
[Black "Joshi, Kanad"]
[Result "1-0"]
[WhiteElo "1623"]
[BlackElo "1370"]
[PlyCount "113"]
[EventDate "2023.??.??"]
[WhiteTeam "Sfr.Heidesheim"]
[BlackTeam "SV Oberursel"]

1. e4 c5 2. Nf3 d6 3. g3 Nc6 4. Bg2 Nf6 5. d3 Bd7 6. O-O g6 7. Nc3 Bg7 8. h3 O-O 9. Be3 a6 10. a4 Re8 11. Qd2 e6 12. Bh6 Qc7 13. Bxg7 Kxg7 14. Nh4 e5 15. f4 Nh5 16. Kh2 Nd4 17. Nd5 Qd8 18. f5 Kg8 19. Ra3 Nc6 20. f6 Re6 21. Qg5 Rc8 22. g4 Nf4 23. Nxf4 exf4 24. Qxf4 Ne5 25. g5 Qb6 26. b3 Qb4 27. Raa1 Qd4 28. Nf3 Nxf3+ 29. Bxf3 Ree8 30. Qh4 Kh8 31. Rae1 Re5 32. Qg3 b5 33. axb5 axb5 34. Rd1 Qe3 35. h4 h5 36. Rfe1 Qd4 37. Re2 Ree8 38. Bg2 Bg4 39. Bf3 Bd7 40. Rde1 Qe5 41. Qxe5 dxe5 42. Ra1 Ra8 43. Ree1 Be6 44. Be2 b4 45. Bf1 Kg8 46. Bh3 Bxh3 47. Kxh3 Rec8 48. Kg3 Kf8 49. Kf3 Ke8 50. Ke3 Kd7 51. Kd2 Kc6 52. Rec1 Kb5 53. c3 Ra3 54. cxb4 Rxa1 55. Rxa1 cxb4 56. Ra7 Rf8 57. Re7 1-0

[Event "32.Schlosspark-Open"]
[Site "Wiesbaden-Biebrich"]
[Date "2023.08.25"]
[Round "2.80"]
[White "Tiggemann, Felix"]
[Black "Meuer, Stephan"]
[Result "1-0"]
[WhiteElo "1606"]
[BlackElo "1268"]
[PlyCount "61"]
[EventDate "2023.??.??"]
[WhiteTeam "SF Sch neck"]
[BlackTeam "SV Turm Lahnstein"]

1. e4 e5 2. Nf3 Nc6 3. Bc4 Bc5 4. c3 Nf6 5. d4 exd4 6. e5 d5 7. Bb5 Nd7 8. Bxc6 bxc6 9. cxd4 Be7 10. Nc3 Ba6 11. Qa4 Bb7 12. b4 a6 13. Nd2 O-O 14. O-O h6 15. a3 Qc8 16. Qc2 Nb6 17. Na4 Qg4 18. Bb2 Qd7 19. Nc5 Bxc5 20. Qxc5 Nc8 21. Nb3 Ne7 22. Rac1 Rfb8 23. Na5 Kh7 24. Rfe1 Qe6 25. Re3 Bc8 26. Nxc6 Nxc6 27. Qxc6 a5 28. Qxe6 fxe6 29. Rxc7 axb4 30. Rg3 Rb7 31. Rgxg7+ 1-0

[Event "32.Schlosspark-Open"]
[Site "Wiesbaden-Biebrich"]
[Date "2023.08.25"]
[Round "2.81"]
[White "Barth, Horst"]
[Black "Stephanblome, Felix"]
[Result "0-1"]
[WhiteElo "1242"]
[BlackElo "1718"]
[PlyCount "54"]
[EventDate "2023.??.??"]
[WhiteTeam "Sfr.Mainz 1928"]
[BlackTeam "SV 1934 Ffm-Griesheim"]

1. d4 d5 2. c4 e6 3. Nc3 Nf6 4. Bg5 Be7 5. e3 O-O 6. Nf3 Nbd7 7. cxd5 exd5 8. Bd3 c6 9. O-O h6 10. Bf4 Re8 11. a3 Nh5 12. Bg3 Nxg3 13. fxg3 Bg5 14. e4 dxe4 15. Nxe4 Be7 16. Rc1 Nf6 17. Qb3 Nxe4 18. Bxe4 Bf6 19. Qd3 Bg4 20. Rcd1 Qb6 21. Rd2 Rad8 22. Kh1 Bxf3 23. Rxf3 Rxd4 24. Qe3 Rexe4 25. Qf2 Rxd2 26. Qxd2 Qxb2 27. Qd3 Qc1+ 0-1

[Event "32.Schlosspark-Open"]
[Site "Wiesbaden-Biebrich"]
[Date "2023.08.25"]
[Round "2.82"]
[White "Fa ler, Felix"]
[Black "Fleck, Peter"]
[Result "1-0"]
[WhiteElo "1596"]
[BlackElo "1240"]
[PlyCount "51"]
[EventDate "2023.??.??"]
[WhiteTeam "SC Fulda"]
[BlackTeam "SC Fl rsheim 1921"]

1. e4 c6 2. d4 d5 3. e5 Bf5 4. h4 h5 5. Bd3 Bxd3 6. Qxd3 e6 7. Bg5 f6 8. Bf4 Ne7 9. Nf3 Qb6 10. O-O Nd7 11. Nc3 Nf5 12. g3 c5 13. dxc5 Nxc5 14. Qb5+ Qc6 15. Qe2 O-O-O 16. a4 a6 17. b4 Ne4 18. Nxe4 dxe4 19. Nd2 Rd4 20. b5 axb5 21. axb5 Qc5 22. Nb3 Qc4 23. Nxd4 Qxd4 24. Rfd1 Qb6 25. exf6 gxf6 26. Ra8# 1-0

[Event "32.Schlosspark-Open"]
[Site "Wiesbaden-Biebrich"]
[Date "2023.08.25"]
[Round "2.83"]
[White "Knappe, Stefan"]
[Black "Richter, Johanna"]
[Result "0-1"]
[WhiteElo "1230"]
[BlackElo "1546"]
[PlyCount "54"]
[EventDate "2023.??.??"]
[WhiteTeam "SG Aufbau Elbe Magdeburg"]
[BlackTeam "Sfr.Heidesheim"]

1. d4 Nf6 2. Nc3 d5 3. Bf4 g6 4. e3 Bg7 5. Bd3 O-O 6. Nf3 Nbd7 7. Qe2 c5 8. dxc5 Nxc5 9. O-O Nxd3 10. Qxd3 b6 11. Rad1 Bb7 12. Ne2 Rc8 13. b3 Re8 14. Rd2 Nd7 15. c4 e5 16. Bg5 f6 17. Bxf6 Nxf6 18. e4 Nxe4 19. Qxe4 dxe4 20. Rxd8 Rexd8 21. Ng5 Bh6 22. h4 Bxg5 23. hxg5 Rd2 24. Re1 Rcd8 25. Nc3 Rf8 26. Re2 Rxe2 27. Nxe2 Rf5 0-1

[Event "32.Schlosspark-Open"]
[Site "Wiesbaden-Biebrich"]
[Date "2023.08.25"]
[Round "2.84"]
[White "Donecker, Stefan"]
[Black "Stojanoski, Stefan"]
[Result "1-0"]
[WhiteElo "1695"]
[BlackElo "1162"]
[PlyCount "41"]
[EventDate "2023.??.??"]
[WhiteTeam "SAbt TuS Dotzheim"]
[BlackTeam "SAbt TuS Makkabi Ffm"]

1. Nc3 e5 2. Nf3 Nc6 3. d4 exd4 4. Nxd4 Bc5 5. Nxc6 Qf6 6. Ne4 Bxf2+ 7. Nxf2 Qxc6 8. e4 Ne7 9. Bd3 O-O 10. O-O b6 11. e5 d6 12. Bg5 Ng6 13. Be4 Qd7 14. Bxa8 Ba6 15. Be4 Bxf1 16. Qxf1 Nxe5 17. Nd3 Nxd3 18. Bxd3 g6 19. Bh6 Re8 20. Qf6 Qe7 21. Qg7# 1-0

[Event "32.Schlosspark-Open"]
[Site "Wiesbaden-Biebrich"]
[Date "2023.08.25"]
[Round "2.86"]
[White "Hellmann, Alexander"]
[Black "Metzner, Luis"]
[Result "0-1"]
[WhiteElo "1156"]
[BlackElo "1679"]
[PlyCount "42"]
[EventDate "2023.??.??"]
[WhiteTeam "SJ Herborn 1998"]
[BlackTeam "SV Lahn Limburg"]

1. e4 c5 2. c3 Nf6 3. d3 Nc6 4. Nf3 Qc7 5. Be3 b6 6. Nbd2 e6 7. Be2 Be7 8. Qc2 O-O 9. O-O d5 10. d4 dxe4 11. Nxe4 cxd4 12. Nxd4 Bb7 13. Bd3 Ng4 14. Nf3 h6 15. Bd2 Rac8 16. Rac1 Rfd8 17. Rfe1 Qb8 18. Ng3 Nf6 19. Be3 Nb4 20. cxb4 Rxc2 21. Rxc2 Rxd3 0-1

[Event "32.Schlosspark-Open"]
[Site "Wiesbaden-Biebrich"]
[Date "2023.08.25"]
[Round "2.87"]
[White "Alt, Johannes"]
[Black "Hafner, Hans-Peter"]
[Result "1/2-1/2"]
[WhiteElo "1522"]
[BlackElo "1155"]
[PlyCount "76"]
[EventDate "2023.??.??"]
[WhiteTeam "Sfr.Heidesheim"]
[BlackTeam "Sfr.Mainz 1928"]

1. d4 d5 2. Nf3 Nf6 3. Bf4 Nc6 4. e3 g6 5. c4 Bg7 6. Nc3 O-O 7. Be2 Bf5 8. O-O e6 9. a3 Ne4 10. Nxe4 Bxe4 11. Nd2 g5 12. Bg3 Bg6 13. b4 Ne7 14. h3 c6 15. Qb3 Nf5 16. Bh2 Nh6 17. Rac1 f5 18. cxd5 exd5 19. b5 Qd7 20. bxc6 bxc6 21. Qc3 Rac8 22. Ba6 Rce8 23. Qxc6 Qxc6 24. Rxc6 f4 25. exf4 gxf4 26. Nf3 Be4 27. Ng5 f3 28. g4 Nf7 29. Ne6 Nd8 30. Nxd8 Rxd8 31. Rd1 Rf6 32. Rxf6 Bxf6 33. Kf1 Re8 34. Bf4 Re6 35. Bb5 a6 36. Bd7 Rb6 37. Be5 Bg5 38. Kg1 Bh4 1/2-1/2

[Event "32.Schlosspark-Open"]
[Site "Wiesbaden-Biebrich"]
[Date "2023.08.25"]
[Round "2.88"]
[White "Chen, Lilly"]
[Black "Drewes, Thomas"]
[Result "1/2-1/2"]
[WhiteElo "920"]
[BlackElo "1641"]
[PlyCount "82"]
[EventDate "2023.??.??"]
[WhiteTeam "Sfr Stiller Zug Wiesbaden"]
[BlackTeam "SV W rzburg von 1865 e.V."]

1. Nf3 d5 2. e3 Nf6 3. c4 c6 4. Be2 Bf5 5. O-O h6 6. b3 e6 7. Ba3 Bxa3 8. Nxa3 O-O 9. cxd5 exd5 10. b4 Qd6 11. Qb3 a5 12. b5 a4 13. Qb2 c5 14. h3 Nbd7 15. Nb1 Nb6 16. Qa3 Rfd8 17. d4 c4 18. Qxd6 Rxd6 19. Na3 Ne4 20. Rfd1 Nc3 21. Rd2 Ra5 22. Rb2 Bd7 23. Ne5 Bxb5 24. Nxb5 Rxb5 25. Rxb5 Nxb5 26. Bf3 Nc3 27. a3 Nd7 28. Nxd7 Rxd7 29. Rc1 Nb5 30. Rb1 Nxa3 31. Ra1 Nb5 32. Rxa4 Nc7 33. Ra7 Ne8 34. e4 c3 35. exd5 c2 36. Ra1 b5 37. Rc1 Rc7 38. Be4 Nf6 39. Rxc2 Rxc2 40. Bxc2 Nxd5 41. Kf1 Kf8 1/2-1/2

[Event "32.Schlosspark-Open"]
[Site "Wiesbaden-Biebrich"]
[Date "2023.08.26"]
[Round "5.1"]
[White "Smith, Bryan"]
[Black "Pfreundt, Jakob"]
[Result "1/2-1/2"]
[WhiteElo "2378"]
[BlackElo "2427"]
[PlyCount "130"]
[EventDate "2023.??.??"]
[WhiteTeam "Philadelphia,PA"]
[BlackTeam "HSK Lister Turm"]

1. e4 e6 2. d4 d5 3. e5 c5 4. c3 Nc6 5. Nf3 Bd7 6. Be2 cxd4 7. cxd4 Nge7 8. Na3 Nf5 9. Nc2 Be7 10. O-O O-O 11. Bd3 f6 12. Bf4 fxe5 13. Nxe5 Nxe5 14. Bxe5 Be8 15. Qg4 Bg6 16. Ne3 Rf7 17. Nxf5 Bxf5 18. Bxf5 exf5 19. Qf3 Bg5 20. Rfe1 Rc8 21. Re2 Qd7 22. Rae1 Be7 23. g3 Bb4 24. Rf1 Rc6 25. Bf4 Re7 26. a3 Rxe2 27. Qxe2 Ba5 28. Qb5 Bb6 29. Be5 h6 30. Kg2 Qf7 31. Qd3 Ba5 32. h4 Rc4 33. Qf3 Rc2 34. Qb3 Rc4 35. Rd1 a6 36. Rd3 b5 37. Rf3 Rc8 38. Qd3 Rf8 39. Bd6 Rd8 40. Rxf5 Qe6 41. Be5 Rd7 42. Qc2 Rd8 43. h5 Rc8 44. Qd3 Bd8 45. Qf3 Bg5 46. Qg4 Qc6 47. Rf3 Qe8 48. Qf5 Rc6 49. g4 a5 50. Qd3 Rc1 51. b3 a4 52. bxa4 bxa4 53. Qa6 Qc8 54. Qxc8+ Rxc8 55. Bd6 Bf6 56. Rf5 Rd8 57. Bc5 Kf7 58. Rf3 Rb8 59. Re3 Rb2 60. Kf1 Rb1+ 61. Re1 Rb2 62. Re3 Rb1+ 63. Ke2 Rb2+ 64. Ke1 Rb1+ 65. Ke2 Rb2+ 1/2-1/2

[Event "32.Schlosspark-Open"]
[Site "Wiesbaden-Biebrich"]
[Date "2023.08.26"]
[Round "5.2"]
[White "Dolzhykova, Kateryna"]
[Black "Töpfer, Albrecht"]
[Result "1/2-1/2"]
[WhiteElo "2307"]
[BlackElo "2065"]
[PlyCount "53"]
[EventDate "2023.??.??"]
[WhiteTeam "SV Oberursel"]
[BlackTeam "SC Fulda"]

1. e4 d6 2. d4 Nf6 3. Nc3 e5 4. f4 exd4 5. Qxd4 Nc6 6. Bb5 Be7 7. Nf3 O-O 8. Qd2 a6 9. Bxc6 bxc6 10. O-O c5 11. e5 dxe5 12. fxe5 Qxd2 13. Nxd2 Nd7 14. Nd5 Bd8 15. Nc4 Nb6 16. Ncxb6 cxb6 17. c4 Be6 18. Bf4 Ra7 19. Rad1 Rd7 20. g3 Re8 21. Rfe1 b5 22. b3 Bg4 23. Rd3 Bf5 24. Rde3 Be6 25. Rd3 Bf5 26. Rdd1 Bg4 27. Rd3 1/2-1/2

[Event "32.Schlosspark-Open"]
[Site "Wiesbaden-Biebrich"]
[Date "2023.08.26"]
[Round "5.3"]
[White "Lesny, Florian"]
[Black "Minor, Samuel"]
[Result "0-1"]
[WhiteElo "2232"]
[BlackElo "2185"]
[PlyCount "78"]
[EventDate "2023.??.??"]
[WhiteTeam "SK Bad Homburg 1927"]
[BlackTeam "Wiesbadener SV 1885"]

1. e4 c5 2. Nf3 d6 3. d4 cxd4 4. Nxd4 Nf6 5. Nc3 a6 6. Be3 e5 7. Nb3 Be7 8. f3 Be6 9. Qd2 h5 10. Nd5 Nxd5 11. exd5 Bf5 12. Be2 a5 13. a4 Nd7 14. O-O Qc7 15. c4 b6 16. f4 exf4 17. Bxf4 Bg6 18. Nd4 Nc5 19. Rae1 O-O 20. Qd1 h4 21. Nb5 Qd7 22. Bg4 f5 23. Bf3 Rae8 24. Kh1 Bh7 25. Rxe7 Qxe7 26. Bxd6 Qe3 27. Bxf8 Nd3 28. Nc7 Rxf8 29. Qe2 f4 30. Ne6 Re8 31. Qxe3 fxe3 32. b3 h3 33. gxh3 Bf5 34. Nd4 Bxh3 35. Ra1 Re5 36. Ne2 Rf5 37. Bg2 Bxg2+ 38. Kxg2 Rf2+ 39. Kg3 Rxe2 0-1

[Event "32.Schlosspark-Open"]
[Site "Wiesbaden-Biebrich"]
[Date "2023.08.26"]
[Round "5.4"]
[White "Euler, Gerd"]
[Black "Stork, Christopher"]
[Result "1-0"]
[WhiteElo "2243"]
[BlackElo "2065"]
[PlyCount "81"]
[EventDate "2023.??.??"]
[WhiteTeam "SSG Hungen-Lich"]
[BlackTeam "SV Oberursel"]

1. d4 Nf6 2. c4 e6 3. Nf3 d5 4. Nc3 Bb4 5. Qa4+ Nc6 6. e3 O-O 7. Qc2 dxc4 8. Bxc4 Bd6 9. O-O e5 10. h3 exd4 11. exd4 h6 12. Rd1 Ne7 13. Ne5 c6 14. Qb3 Ned5 15. Nxd5 Nxd5 16. Bxd5 cxd5 17. Qxd5 Be6 18. Qf3 Qe7 19. Bf4 Rad8 20. Qg3 Qf6 21. d5 Bc8 22. Rd4 Rfe8 23. Nf3 Bxf4 24. Rxf4 Qxb2 25. Rf1 Qxa2 26. Rd4 Qc2 27. d6 Be6 28. Rd2 Qc4 29. Rd4 Qc2 30. Qh4 Qf5 31. Rd2 Qb5 32. Qd4 Qh5 33. Qxa7 Bxh3 34. Qxb7 Bg4 35. d7 Rf8 36. Rd3 Bxf3 37. Rxf3 Qg4 38. Rd3 Qg6 39. Re3 Qf6 40. Qc7 Qf5 41. Qxd8 1-0

[Event "32.Schlosspark-Open"]
[Site "Wiesbaden-Biebrich"]
[Date "2023.08.26"]
[Round "5.5"]
[White "Fleckenstein, Lukas"]
[Black "Lammers, Markus"]
[Result "0-1"]
[WhiteElo "1864"]
[BlackElo "2340"]
[PlyCount "62"]
[EventDate "2023.??.??"]
[WhiteTeam "SK Niederbrechen 1948"]
[BlackTeam "HSK Lister Turm"]

1. e4 Nc6 2. Nf3 f5 3. exf5 d5 4. d4 Bxf5 5. Bd3 Bg4 6. Be2 e6 7. Bf4 Bxf3 8. Bxf3 Qf6 9. Be3 Nh6 10. c3 Bd6 11. h4 Nf5 12. Bg5 Qf7 13. Qe2 O-O 14. Nd2 e5 15. dxe5 Nxe5 16. O-O-O Rae8 17. Nb3 c6 18. Bh5 g6 19. Bg4 Ng7 20. Be3 h5 21. Bh3 Nc4 22. Qd3 Nxe3 23. fxe3 Rxe3 24. Qc2 Kh7 25. Nd4 Qf2 26. Rd2 Qxh4 27. Nf3 Rexf3 28. gxf3 Bf4 29. Kb1 Bxd2 30. Qxd2 Rxf3 31. Bg2 Qf2 0-1

[Event "32.Schlosspark-Open"]
[Site "Wiesbaden-Biebrich"]
[Date "2023.08.26"]
[Round "5.6"]
[White "Stork, Oliver"]
[Black "Bauer, Claus"]
[Result "1-0"]
[WhiteElo "2327"]
[BlackElo "2136"]
[PlyCount "67"]
[EventDate "2023.??.??"]
[WhiteTeam "Klub Kölner SF e. V."]
[BlackTeam "Sfr.Mainz 1928"]

1. d4 d6 2. Nf3 Nf6 3. c4 Nbd7 4. Nc3 e5 5. g3 c6 6. Qc2 Be7 7. Bg2 O-O 8. O-O Re8 9. h3 Bf8 10. e4 a6 11. a4 a5 12. Be3 g6 13. Rad1 Qc7 14. Rfe1 exd4 15. Nxd4 Nc5 16. f4 h5 17. Bf2 Nfd7 18. Nf3 Nf6 19. Bxc5 dxc5 20. e5 Nh7 21. Nh4 Kh8 22. Nxg6+ fxg6 23. Qxg6 Be6 24. Qxh5 Bxc4 25. Be4 Bg8 26. Bg6 Red8 27. Ne4 Rxd1 28. Rxd1 Rd8 29. Re1 c4 30. h4 Rd3 31. Ng5 Qb6+ 32. Kg2 Rd2+ 33. Kh3 Kg7 34. Bxh7 1-0

[Event "32.Schlosspark-Open"]
[Site "Wiesbaden-Biebrich"]
[Date "2023.08.26"]
[Round "5.7"]
[White "Siegert, Gregor"]
[Black "Gutman, Lev"]
[Result "1-0"]
[WhiteElo "1973"]
[BlackElo "2325"]
[PlyCount "91"]
[EventDate "2023.??.??"]
[WhiteTeam "Schachforum Darmstadt 1994"]
[BlackTeam "SV Lingen"]

1. e4 c5 2. Nf3 d6 3. Bb5+ Nc6 4. Bxc6+ bxc6 5. O-O Bg4 6. h3 Bh5 7. e5 d5 8. d3 e6 9. c4 Qc7 10. Re1 Rd8 11. Qe2 Ne7 12. b3 Bxf3 13. Qxf3 Nf5 14. Nc3 Be7 15. Ba3 O-O 16. Na4 Nd4 17. Qd1 dxc4 18. bxc4 Qa5 19. Bb2 Rd7 20. Bc3 Qa6 21. Bxd4 Rxd4 22. Qc2 Qa5 23. Nc3 Rfd8 24. Rad1 R8d7 25. Re4 g6 26. f4 g5 27. g3 gxf4 28. gxf4 Kh8 29. Kh2 Rd8 30. Rg1 Rg8 31. Rxg8+ Kxg8 32. Rxd4 cxd4 33. Ne4 Kf8 34. Qf2 c5 35. f5 Qc7 36. Qf4 exf5 37. Qxf5 h6 38. Kg2 Qc6 39. Kf3 Ke8 40. Kf4 Qa6 41. Nf6+ Kf8 42. Ke4 Qc6+ 43. Nd5 Bg5 44. Qh7 Qg6+ 45. Qxg6 fxg6 46. e6 1-0

[Event "32.Schlosspark-Open"]
[Site "Wiesbaden-Biebrich"]
[Date "2023.08.26"]
[Round "5.8"]
[White "Sydykov, Bayastan"]
[Black "Neukirchner, Pascal"]
[Result "0-1"]
[WhiteElo "1940"]
[BlackElo "2279"]
[PlyCount "86"]
[EventDate "2023.??.??"]
[WhiteTeam "SK 1858 Gießen"]
[BlackTeam "SK Gründau"]

1. e4 c5 2. Nf3 Nc6 3. d4 cxd4 4. Nxd4 g6 5. c4 Bg7 6. Be3 Qb6 7. Nb3 Qd8 8. Nd4 Qb6 9. Nb3 Qc7 10. Nc3 Bxc3+ 11. bxc3 Nf6 12. f3 O-O 13. Be2 b6 14. O-O d6 15. Bd4 Ne5 16. f4 Nxc4 17. Bxf6 exf6 18. Qd4 b5 19. Qxf6 Bb7 20. Bd3 Rae8 21. Rfe1 a6 22. Re2 Re6 23. Qh4 Na5 24. Nd4 Ree8 25. Rc1 Qe7 26. Qh6 Qf6 27. Nf5 Bc8 28. g4 Bxf5 29. gxf5 Nc4 30. Rg2 Kh8 31. fxg6 fxg6 32. Rg4 Ne5 33. fxe5 Qf2+ 34. Kh1 Qf3+ 35. Rg2 Qxd3 36. Rxg6 Qxe4+ 37. Rg2 Qxe5 38. h3 Rg8 39. Rcg1 Rxg2 40. Rxg2 Qxc3 41. Qh5 Re1+ 42. Rg1 Qc6+ 43. Kh2 Rxg1 0-1

[Event "32.Schlosspark-Open"]
[Site "Wiesbaden-Biebrich"]
[Date "2023.08.26"]
[Round "5.9"]
[White "Weber, Samuel"]
[Black "Dietze, Frank"]
[Result "1-0"]
[WhiteElo "2276"]
[BlackElo "2115"]
[PlyCount "67"]
[EventDate "2023.??.??"]
[WhiteTeam "SV Oberursel"]
[BlackTeam "Wiesbaden"]

1. e4 c5 2. Nf3 d6 3. d4 cxd4 4. Nxd4 Nf6 5. Nc3 a6 6. h3 e5 7. Nde2 h5 8. g3 Be6 9. Bg2 Nbd7 10. a4 Be7 11. O-O O-O 12. Be3 Nb6 13. b3 Qc7 14. a5 Nbd7 15. Na4 Rac8 16. c4 Rfe8 17. Nb6 Nxb6 18. Bxb6 Qc6 19. Nc3 g6 20. Nd5 Bxd5 21. exd5 Qd7 22. f4 Bd8 23. fxe5 dxe5 24. Bxd8 Qxd8 25. Qf3 Kg7 26. Ra2 e4 27. Qc3 e3 28. Re2 Qd6 29. Rf3 Re5 30. Rexe3 Rce8 31. Rxe5 Rxe5 32. c5 Qe7 33. Rd3 Kg8 34. d6 1-0